000 00624cam a2200205 4500500
005 20260329005607.0
041 _afre
042 _adc
100 1 0 _aEnjalbert, Cédric
_eauthor
245 0 0 _aRéforme de l’assurance-chômage, le pouvoir d’un mythe ?
260 _c2024.
500 _a80
690 _aChômage
690 _aEfficacité
690 _aGabriel Attal
690 _aMythe
690 _aRéforme
786 0 _nPhilosophie magazine | 179 | 5 | 2024-05-01 | p. 10-10 | 1951-1787
856 4 1 _uhttps://shs.cairn.info/magazine-philosophie-magazine-2024-5-page-10?lang=fr&redirect-ssocas=7080
999 _c1844835
_d1844835